000 00497nam a2200181Ia 4500
008 240925s9999 xx 000 0 und d
020 _a9788131731628
082 _a658.45 ROY
100 _aRourke, James R. O
245 0 _aManagement Communications: a case analysis approach
250 _a4th
260 _aUttar Pradesh:
_bPearson Education Inc
_c,2011.
300 _aVarious pages
_b0
_fOriginal
500 _aIncludes Index
600 _aManagement
650 _aManagement
942 _cBK
999 _c16405
_d16405